| 000 | 00347nam a2200121Ia 4500 | ||
|---|---|---|---|
| 008 | 210430s9999 xx 000 0 und d | ||
| 020 | _a978-963-8893-07-1 | ||
| 082 | _aM2141R 595.726 | ||
| 100 |
_aSyed Khalid Mahmood _91581 |
||
| 245 |
_aReflections (A Collection of Articles on Sports) _cSyed Khalid Mahmood |
||
| 300 | _a142 | ||
| 942 |
_cBK _2ddc |
||
| 999 |
_c565339 _d565339 |
||